000 00642nam a2200265Ia 4500
005 20260121165424.0
008 008 260114s9999 xx 000 0 eng d
020 _a9783319574752
037 _aEBOOK
040 _aCRL
040 _beng
040 _cCRL
041 _2eng
041 _aeng
084 _qCRL
100 _aNizam Ahmed
_91051509
245 0 _aWomen in Governing Institutions in South Asia
260 _bSpringer
260 _bSpringer
260 _c2018
856 _uhttps://link.springer.com/openurl?genre=book&isbn=978-3-319-57475-2
942 _cEBOOK
999 _c1617234
_d1617234